Frantz Fanon : (Record no. 1660)

MARC details
000 -LEADER
fixed length control field 00871cam a2200277 i 4500
001 - CONTROL NUMBER
control field 2297493
003 - CONTROL NUMBER IDENTIFIER
control field OSt
005 - DATE AND TIME OF LATEST TRANSACTION
control field 20230620114638.0
008 - FIXED-LENGTH DATA ELEMENTS--GENERAL INFORMATION
fixed length control field 810821s1978 ke b 001 0 eng
010 ## - LIBRARY OF CONGRESS CONTROL NUMBER
LC control number 79980321
020 ## - INTERNATIONAL STANDARD BOOK NUMBER
Canceled/invalid ISBN 0195724477 (pbk.) :
Terms of availability K60.00
040 ## - CATALOGING SOURCE
Original cataloging agency DLC
Transcribing agency DLC
Modifying agency DLC
050 00 - LIBRARY OF CONGRESS CALL NUMBER
Classification number JC273.F36
Item number H36 1978
082 00 - DEWEY DECIMAL CLASSIFICATION NUMBER
Classification number 320.5/092/4
Edition number 19
100 1# - MAIN ENTRY--PERSONAL NAME
Personal name Hansen, Emmanuel.
245 00 - TITLE STATEMENT
Title Frantz Fanon :
Remainder of title social and political thought /
Statement of responsibility, etc. Emmanuel Hansen.
250 ## - EDITION STATEMENT
Edition statement Paperback ed.
260 ## - PUBLICATION, DISTRIBUTION, ETC. (IMPRINT)
Place of publication, distribution, etc. Nairobi :
Name of publisher, distributor, etc. Oxford University Press,
Date of publication, distribution, etc. 1978.
300 ## - PHYSICAL DESCRIPTION
Extent 181 p. ;
Dimensions 22 cm.
500 ## - GENERAL NOTE
General note Based on the author's thesis, Indiana University.
500 ## - GENERAL NOTE
General note Includes index.
504 ## - BIBLIOGRAPHY, ETC. NOTE
Bibliography, etc Bibliography: p. 164-176.
600 10 - SUBJECT ADDED ENTRY--PERSONAL NAME
Personal name Fanon, Frantz,
Dates associated with a name 1925-1961
General subdivision Political and social views.
906 ## - LOCAL DATA ELEMENT F, LDF (RLIN)
a 7
b cbc
c orignew
d 4
e ncip
f 19
g y-gencatlg
942 ## - ADDED ENTRY ELEMENTS (KOHA)
Source of classification or shelving scheme Dewey Decimal Classification
Koha item type Books
Holdings
Withdrawn status Lost status Source of classification or shelving scheme Damaged status Not for loan Home library Current library Date acquired Total Checkouts Full call number Barcode Date last seen Price effective from Koha item type
    Dewey Decimal Classification     County Hall Archives County Hall Archives 06/20/2023   320.5/092/4 10001554 06/20/2023 06/20/2023 Books
LIBRARY OPENING HOURS

When the Parliament is sitting: 8.00a.m - 7.00p.m or until the house adjourns
Mondays and Fridays and when the House is on Recess:  8.00a.m - 5.00p.m
Closed on Weekends and Public Holidays

Online Public Access Catalog (OPAC)
Website: http://www.parliament.go.ke
Bunge Library: https://libraryir.parliament.go.ke
Contact: library@parliament.go.ke | Tel no: (254-2)2221291 or 2848000 Ext 5043